00725nam a2200229Ia 4500003000900000008004100009040001300050040001300063041000800076100001600084245008000100250001700180260001500197260000900212300001100221300001000232490000600242600002800248942000700276999001700283952019500300IT-RoPAU120407s9999 xx 000 0 und d aIT-RoPAU cIT-RoPAU aesp aIgnace Lepp aLa nueva tierra. Teilhard de Chardin y el cristianismo en el mundo moderno. aBuenos Aires aC. Lohlé c1963 a198 p. c19 cm v1 a1. Teilhard de Chardin. cBK c28263d28263 00102ddc406204_69000000000000071aPAULUSbPAULUSd2012-04-11l0o204.69r2012-04-11 00:00:00w2012-04-11yBKzInserito da: Jole In data: 30 luglio 2011 fondo: Via A.Severo 56 Progr:20514